<?xml version='1.0' encoding='UTF-8'?>
  <record xmlns="http://www.loc.gov/MARC21/slim">
    <leader>00000cam a2200000 i 4500</leader>
    <controlfield tag="001">ocm68066343</controlfield>
    <controlfield tag="003">OCoLC</controlfield>
    <controlfield tag="005">20241217022734.8</controlfield>
    <controlfield tag="008">980928s1888    ne            000 0 dut d</controlfield>
    <datafield tag="040" ind1=" " ind2=" ">
      <subfield code="a">NLGGC</subfield>
      <subfield code="b">dut</subfield>
      <subfield code="e">fobidrtb</subfield>
      <subfield code="c">NLGGC</subfield>
      <subfield code="d">NLUKB</subfield>
      <subfield code="d">OCLCO</subfield>
      <subfield code="d">OCLCL</subfield>
      <subfield code="d">OCLCQ</subfield>
    </datafield>
    <datafield tag="019" ind1=" " ind2=" ">
      <subfield code="a">1056598978</subfield>
    </datafield>
    <datafield tag="029" ind1="0" ind2=" ">
      <subfield code="a">NLGGC</subfield>
      <subfield code="b">173607039</subfield>
    </datafield>
    <datafield tag="035" ind1=" " ind2=" ">
      <subfield code="a">(OCoLC)68066343</subfield>
      <subfield code="z">(OCoLC)1056598978</subfield>
    </datafield>
    <datafield tag="041" ind1="1" ind2=" ">
      <subfield code="a">dut</subfield>
      <subfield code="h">lat</subfield>
    </datafield>
    <datafield tag="084" ind1=" " ind2=" ">
      <subfield code="a">11.73</subfield>
      <subfield code="2">bcl</subfield>
    </datafield>
    <datafield tag="100" ind1="1" ind2=" ">
      <subfield code="a">Voetius, Gisbertus,</subfield>
      <subfield code="d">1589-1676.</subfield>
      <subfield code="1">https://id.oclc.org/worldcat/entity/E39PBJmdpxFKQkBDGYrqGjgHYP</subfield>
    </datafield>
    <datafield tag="245" ind1="1" ind2="0">
      <subfield code="a">Drie kerkrechtelijke verhandelingen vertaald uit de Politica ecclesiastica /</subfield>
      <subfield code="c">van Gisbertus Voetius ; met een voorrede van F.L. Rutgers.</subfield>
    </datafield>
    <datafield tag="246" ind1="3" ind2=" ">
      <subfield code="a">Politica ecclesiastica</subfield>
    </datafield>
    <datafield tag="246" ind1="3" ind2=" ">
      <subfield code="a">Verhandeling over de zichtbare en georganiseerde kerk</subfield>
    </datafield>
    <datafield tag="260" ind1=" " ind2=" ">
      <subfield code="a">Amsterdam :</subfield>
      <subfield code="b">Wormser,</subfield>
      <subfield code="c">1888.</subfield>
    </datafield>
    <datafield tag="300" ind1=" " ind2=" ">
      <subfield code="a">187 p. ;</subfield>
      <subfield code="c">22 cm.</subfield>
    </datafield>
    <datafield tag="336" ind1=" " ind2=" ">
      <subfield code="a">tekst</subfield>
      <subfield code="b">txt</subfield>
      <subfield code="2">rdacontent/dut</subfield>
    </datafield>
    <datafield tag="337" ind1=" " ind2=" ">
      <subfield code="a">zonder medium</subfield>
      <subfield code="b">n</subfield>
      <subfield code="2">rdamedia/dut</subfield>
    </datafield>
    <datafield tag="338" ind1=" " ind2=" ">
      <subfield code="a">band</subfield>
      <subfield code="b">nc</subfield>
      <subfield code="2">rdacarrier/dut</subfield>
    </datafield>
    <datafield tag="500" ind1=" " ind2=" ">
      <subfield code="a">Nieuwe uitg. o.d.t.: Verhandeling over de zichtbare en georganiseerde kerk - Kampen : Kok, 1902.</subfield>
    </datafield>
    <datafield tag="500" ind1=" " ind2=" ">
      <subfield code="a">Vertalers zijn: R.J.W. Rudolph en F.F.C. Fischer.</subfield>
    </datafield>
    <datafield tag="505" ind1="8" ind2=" ">
      <subfield code="a">Bevat: Stuk I en II (Verhandeling over de zichtbare en georganiseerde kerk); stuk 3 en voorrede zijn nooit verschenen.</subfield>
    </datafield>
    <datafield tag="530" ind1=" " ind2=" ">
      <subfield code="a">Boek wordt gedigitaliseerd.</subfield>
    </datafield>
    <datafield tag="530" ind1=" " ind2=" ">
      <subfield code="a">Ook beschikbaar in microvorm.</subfield>
    </datafield>
    <datafield tag="650" ind1=" " ind2="4">
      <subfield code="a">Voetius, G.</subfield>
      <subfield code="x">kerkrecht.</subfield>
    </datafield>
    <datafield tag="700" ind1="1" ind2=" ">
      <subfield code="a">Rutgers, F.L.</subfield>
      <subfield code="q">(Frederik Lodewijk),</subfield>
      <subfield code="d">1836-1917.</subfield>
      <subfield code="1">https://id.oclc.org/worldcat/entity/E39PBJtrRKfGH8JvfRGv49QH4q</subfield>
    </datafield>
    <datafield tag="700" ind1="1" ind2=" ">
      <subfield code="a">Rudolph, R.J.W.</subfield>
      <subfield code="q">(Roelof Jan Willem),</subfield>
      <subfield code="d">1862-1914.</subfield>
      <subfield code="1">https://id.oclc.org/worldcat/entity/E39PBJrKY4cF6DRqj8FqHGbcfq</subfield>
    </datafield>
    <datafield tag="700" ind1="1" ind2=" ">
      <subfield code="a">Fischer, F.F.C.</subfield>
      <subfield code="q">(Friederich Franz Carl),</subfield>
      <subfield code="d">1862-1909.</subfield>
      <subfield code="1">https://id.oclc.org/worldcat/entity/E39PCjrQkkXJ4Kx8Txxj8KmmkC</subfield>
    </datafield>
    <datafield tag="776" ind1="0" ind2=" ">
      <subfield code="t">Drie kerkrechtelijke verhandelingen vertaald uit de Politica ecclesiastica</subfield>
      <subfield code="w">(NL-LeOCL)391424211</subfield>
    </datafield>
    <datafield tag="936" ind1=" " ind2=" ">
      <subfield code="a">BATCHLOAD</subfield>
    </datafield>
  </record>